00421nam a2200133Ia 4500008004100000041000800041082002000049100007100069245007000140260003200210300000800242502002000250999001700270230128s9999 xx 000 0 und d aeng aBHA PR0458bBHA aBhagwat Swarada - 2K101009 & Prof. Sonali Parchure - Guide9118950 aInvestment Through Mutual Fund in Disha Finance & Investment Ltd. c2012bPune UniversityaPune a70p cParchure Sonali c97248d97248